Návody na cvičenia z náuky o materiáli I /

Korporativní autor: Žilinská univerzita. Strojnícka fakulta
Další autoři: Bokůvka, Otakar, 1945-
Jazyk: Slovenština
Vydáno: Žilina : EDIS, 2003
Vydání: 4., preprac. a dopl. vyd.
Témata:
Fyzický popis: 86 s. : il. ; 30 cm
Knihy
Uloženo v:
LEADER 01329nam a2200349 a 4500
001 000718638
003 CZ BrMZK
005 20040809141415.0
007 ta
008 040528s2003 xo a e p 000 0 slo
020 |a 80-8070-156-3  |q (brož.) 
040 |a BOA001  |b cze 
072 7 |a 620.1/.2  |x Nauka o materiálu  |2 Konspekt  |9 19 
072 7 |a 37.016  |x Učební osnovy. Vyučovací předměty. Učebnice  |2 Konspekt  |9 22 
080 |a 620.2  |2 MRF 
080 |a (075.8)  |2 MRF 
080 |a (076.5)  |2 MRF 
245 0 0 |a Návody na cvičenia z náuky o materiáli I /  |c Otakar Bokůvka ... [et al.] 
250 |a 4., preprac. a dopl. vyd. 
260 |a Žilina :  |b EDIS,  |c 2003 
300 |a 86 s. :  |b il. ;  |c 30 cm 
500 |a Nad názvem: Žilinská univerzita v Žiline. Strojnícka fakulta 
500 |a 1000 výt. 
541 |a Bratislava, Centrum vedecko-technických informácií SR 
650 0 7 |a nauka o materiálu  |7 ph138392  |2 czenas 
655 7 |a učebnice vysokých škol  |7 fd133772  |2 czenas 
655 7 |a praktická cvičení  |7 fd133118  |2 czenas 
700 1 |a Bokůvka, Otakar,  |d 1945-  |7 xx0010236  |4 aut 
710 2 |a Žilinská univerzita.  |b Strojnícka fakulta  |7 mzk2002157174 
910 |a BOA001  |b 3-1137.489 
990 |a BK 
996 6 |b 2610222332  |c 3-1137.489  |l MZK  |r Sklad / do 1 hodiny  |n 1  |p vým  |w 000718638  |u 000010  |a 1  |e BOA001  |j MZK50  |s P